Skills for Success Intro: Reading and Writing. Teacher's Handbook (Record no. 42669)

MARC details
000 -LEADER
fixed length control field 00363nam a2200133Ia 4500
020 ## - INTERNATIONAL STANDARD BOOK NUMBER
ISBN 978-0-19-475651-0
050 ## - CALL MARK
Classification number PE 1128 .S55/
245 #0 - TITLE STATEMENT
Title Skills for Success Intro: Reading and Writing. Teacher's Handbook
260 ## - PUBLICATION, DISTRIBUTION, ETC. (IMPRINT)
Name of publisher Oxford University Press
260 ## - PUBLICATION, DISTRIBUTION, ETC. (IMPRINT)
Year of publication 2011
942 ## - ADDED ENTRY ELEMENTS (KOHA)
Koha item type Books
Holdings
Withdrawn status Lost status Source of classification or shelving scheme Damaged status Not for loan Permanent Location Current Location Shelving location Date acquired Accession Number Price effective from Koha item type
    Library of Congress Classification     NILE UNIVERSITY OF NIGERIA - MAIN LIBRARY NILE UNIVERSITY OF NIGERIA - MAIN LIBRARY Items on shelf 06/03/2025 0000640 06/03/2025 Books